Statistics for Famous football managers by picture

Click here to take the quiz!

General Stats

  • This quiz has been taken 55 times
  • The average score is 12 of 16

Answer Stats

Answer% Correct
Sir Alex Ferguson
98%
Arsène Wenger
96%
Jürgen Klopp
96%
Pep Guardiola
96%
José Mourinho
94%
Antonio Conte
89%
Carlo Ancelotti
87%
Diego Simeone
83%
Luis Enrique
72%
Joachim Löw
66%
Rafael Benítez
66%
Claudio Ranieri
64%
Roy Hodgson
62%
Marcelo Bielsa
60%
Jupp Heynckes
43%
Raymond Goethals
6%

Score Distribution

Percentile by Number Answered

Percent of People with Each Score

Your Score History

You have not taken this quiz